Ideología, "praxis" y mito de la tecnocracia (Record no. 851850)

000 -CABECERA
Campo de control de longitud fija 00634nam a2200205 4500
001 - NÚMERO DE CONTROL
Campo de control VA77299bis
003 - IDENTIFICADOR DEL NÚMERO DE CONTROL
Campo de control ES-SlBCS
005 - FECHA Y HORA DE LA ÚLTIMA TRANSACCIÓN
Campo de control 20221114122938.0
008 - CÓDIGOS DE INFORMACIÓN DE LONGITUD FIJA
Campo de control de longitud fija 150422s1971 sp ||||| |||| 00| 0 spa d
017 ## - NÚMERO DE COPYRIGHT O DE DEPÓSITO LEGAL
Número de copyright o de depósito legal M-19997-1971
Agencia que asigna el número Oficina Depósito Legal de Madrid
040 ## - FUENTE DE LA CATALOGACIÓN
Centro catalogador del origen ES-SlBCS
Lengua de catalogación spa
Normas de descripción rdc
100 1# - PUNTO DE ACCESO PRINCIPAL-NOMBRE DE PERSONA
Nombre de persona Vallet de Goytisolo, Juan B.
9 (RLIN) 104487
245 10 - MENCIÓN DE TÍTULO
Título Ideología, "praxis" y mito de la tecnocracia
Mención de responsabilidad, etc. Juan Vallet de Goytisolo
260 ## - PUBLICACIÓN, DISTRIBUCIÓN, ETC... (PIE DE IMPRENTA)
Lugar de publicación, distribución, etc. [Madrid] :
Nombre del editor, distribuidor, etc. Escelicer
Fecha de publicación, distribución, etc. , D.L. 1971
300 ## - DESCRIPCIÓN FÍSICA
Extensión 160 p. ;
Dimensiones 18 cm
500 ## - NOTA GENERAL
Nota general Índice
504 ## - NOTA DE BIBLIOGRAFÍA, ETC.
Nota de bibliografía, etc. Bibliografía: p. [147]-155
650 04 - PUNTO DE ACCESO ADICIONAL DE MATERIA-TÉRMINO DE MATERIA
Término de materia o nombre geográfico como elemento inicial Tecnocracia
9 (RLIN) 162884
942 ## - ENTRADA DE ELEMENTOS AGREGADOS (KOHA)
Fuente de clasificaión o esquema
Koha [por defecto] tipo de item Libros
Holdings
Suprimido Perdido Fuente de clasificación o esquema Estropeado No para préstamo Localización permanente Localización actual Localización en estantería Fecha adquisición Préstamos totales Signatura completa Número de Registro / Código de Barras Fecha última consulta Fecha del precio de reemplazo Tipo de item de Koha
          San Esteban San Esteban Valladolid 22/04/2015   15/A5 VA77299bis 22/04/2015 22/04/2015 Libros

Bibliotecas Dominicos Provincia Hispania, 2016

Con tecnología Koha